| 000 | 00796cam a2200229 i 4500 | ||
|---|---|---|---|
| 003 | OSt | ||
| 005 | 20230620112127.0 | ||
| 008 | 180507s2019 njuab b 001 0 eng | ||
| 020 | _a9781786345639- vol 3 | ||
| 040 | _cNIRUC | ||
| 050 | 0 | 0 |
_aTK 5105.59 _b.D38 2019 |
| 130 | _aData Science for Cyber-Security | ||
| 245 | 0 | 0 |
_aData science for cyber-security / _cedited by Nick Heard ... [ et al ] |
| 260 |
_aNew jersey _bWorld scientific |
||
| 300 |
_av. : ill. _c23 cm. |
||
| 490 | 0 |
_aSecurity science and technology, _x2059-1063 ; _vvol. 3 |
|
| 504 | _aIncludes bibliographical references | ||
| 650 | 0 |
_aInternet _xSecurity measures _xData processing _vCongresses |
|
| 650 | 0 |
_aData protection _xStatistical methods _vCongresses |
|
| 700 | 1 |
_aHeard, Nick ... [ et al ] _eeditor |
|
| 942 |
_2lcc _cBK _n0 |
||
| 999 |
_c69 _d69 |
||